Dinamation's dinosaurs alive! / (Запис № 488783)

МАРК-запис
000 -LEADER
fixed length control field 01605cam a2200361Ia 4500
001 - CONTROL NUMBER
control field dinamationsdinos00dina
003 - CONTROL NUMBER IDENTIFIER
control field CaSfIA
005 - DATE AND TIME OF LATEST TRANSACTION
control field 20210118002217.0
007 - PHYSICAL DESCRIPTION FIXED FIELD--GENERAL INFORMATION
fixed length control field cr||||
008 - FIXED-LENGTH DATA ELEMENTS--GENERAL INFORMATION
fixed length control field 931215s1992 nyua j 000 0 eng d
010 ## - LIBRARY OF CONGRESS CONTROL NUMBER
LC control number 92082913
040 ## - CATALOGING SOURCE
Original cataloging agency BIB
Transcribing agency BIB
Modifying agency VHB
-- OCL
-- OCLCQ
-- BAKER
-- XY4
-- BTCTA
-- YDXCP
-- QJB
-- CaSfIA
020 ## - INTERNATIONAL STANDARD BOOK NUMBER
International Standard Book Number 0590470825
020 ## - INTERNATIONAL STANDARD BOOK NUMBER
International Standard Book Number 9780590470827
035 ## - SYSTEM CONTROL NUMBER
System control number (OCoLC)29503769
050 14 - LIBRARY OF CONGRESS CALL NUMBER
Classification number QE862.D5
Item number D48 1992
082 #4 - DEWEY DECIMAL CLASSIFICATION NUMBER
Classification number 567.91
130 0# - MAIN ENTRY--UNIFORM TITLE
Uniform title Dinamation's dinosaurs.
245 10 - TITLE STATEMENT
Title Dinamation's dinosaurs alive! /
Medium [electronic resource]
Statement of responsibility, etc photographs by Dinamation International Corporation.
260 ## - PUBLICATION, DISTRIBUTION, ETC. (IMPRINT)
Place of publication, distribution, etc New York :
Name of publisher, distributor, etc Scholastic,
Date of publication, distribution, etc c1992.
300 ## - PHYSICAL DESCRIPTION
Extent 1 v. (unpaged) :
Other physical details ill. ;
Dimensions 25 x 21 cm.
500 ## - GENERAL NOTE
General note Originally published as: Dinomation's dinosaurs. England : Campbell Books, 1992.
500 ## - GENERAL NOTE
General note "Cartwheel books."
506 ## - RESTRICTIONS ON ACCESS NOTE
Standardized terminology for access restriction Необхідна авторизація на https://archive.org/ (створення облікового запису безкоштовно)
506 ## - RESTRICTIONS ON ACCESS NOTE
Standardized terminology for access restriction Необхідна авторизація на https://openlibrary.org/ (створення облікового запису безкоштовно)
610 20 - SUBJECT ADDED ENTRY--CORPORATE NAME
Corporate name or jurisdiction name as entry element Dinamation International Corporation.
650 #0 - SUBJECT ADDED ENTRY--TOPICAL TERM
Topical term or geographic name as entry element Dinosaurs.
710 2# - ADDED ENTRY--CORPORATE NAME
Corporate name or jurisdiction name as entry element Dinamation International Corporation.
740 01 - ADDED ENTRY--UNCONTROLLED RELATED/ANALYTICAL TITLE
Uncontrolled related/analytical title Dinosaurs alive!
856 41 - ELECTRONIC LOCATION AND ACCESS
Uniform Resource Identifier <a href="http://www.archive.org/details/dinamationsdinos00dina">http://www.archive.org/details/dinamationsdinos00dina</a>
Public note Free eBook from the Internet Archive
856 42 - ELECTRONIC LOCATION AND ACCESS
Uniform Resource Identifier <a href="http://www.openlibrary.org/books/OL20939372M">http://www.openlibrary.org/books/OL20939372M</a>
Public note Additional information and access via Open Library
942 ## - ADDED ENTRY ELEMENTS (KOHA)
Koha item type ЕКнига

Немає доступних примірників.